Microsoft SharePoint 2010 web applications : (Record no. 49558)

MARC details
000 -LEADER
fixed length control field 01134nam a22003137a 4500
005 - DATE AND TIME OF LATEST TRANSACTION
control field 20101227153841.0
008 - FIXED-LENGTH DATA ELEMENTS--GENERAL INFORMATION
fixed length control field 101227t xxu||||| |||| 00| 0 eng d
010 ## - LCCN (DPL NO)
LC control number ENG-101877
020 ## - INTERNATIONAL STANDARD BOOK NUMBER
International Standard Book Number 9780071071246
Terms of availability 595.00
020 ## - INTERNATIONAL STANDARD BOOK NUMBER
International Standard Book Number 0071071245
Terms of availability 595.00
035 ## - SYSTEM CONTROL NUMBER
System control number EN-85410
037 ## - SOURCE OF ACQUISITION
Source of stock number/acquisition DBAD/PUB
040 ## - CATALOGING SOURCE
Original cataloging agency dpl
Language of cataloging Eng
082 ## - DEWEY DECIMAL CLASSIFICATION NUMBER
Classification number 006.7
100 ## - MAIN ENTRY--PERSONAL NAME
9 (RLIN) 25104
Personal name Holland, Charlie
Dates associated with a name 1974-
245 ## - TITLE STATEMENT
Title Microsoft SharePoint 2010 web applications :
Statement of responsibility, etc by Charlie Holland
Remainder of title the complete reference /
260 ## - PUBLICATION, DISTRIBUTION, ETC. (IMPRINT)
Place of publication, distribution, etc New Delhi
Name of publisher, distributor, etc Tata McGraw Hill
Date of publication, distribution, etc 2010
270 ## - ADDRESS
Address 7 West Patel Nagar
City New Delhi
Postal code 110008
300 ## - PHYSICAL DESCRIPTION
Extent xxii, 537 p. :
Dimensions 24cm (pbk)
Other physical details ill.
500 ## - GENERAL NOTE
General note Includes bibliographical references and index.
630 ## - SUBJECT ADDED ENTRY--UNIFORM TITLE
Uniform title Microsoft SharePoint (Electronic resource)
650 ## - SUBJECT ADDED ENTRY--TOPICAL TERM
9 (RLIN) 25107
Topical term or geographic name as entry element Intranets (Computer networks)
650 ## - SUBJECT ADDED ENTRY--TOPICAL TERM
9 (RLIN) 25108
Topical term or geographic name as entry element Web services.
650 ## - SUBJECT ADDED ENTRY--TOPICAL TERM
9 (RLIN) 25109
650 ## - SUBJECT ADDED ENTRY--TOPICAL TERM
9 (RLIN) 25112
700 ## - ADDED ENTRY--PERSONAL NAME
9 (RLIN) 25105
942 ## - ADDED ENTRY ELEMENTS (KOHA)
Source of classification or shelving scheme Dewey Decimal Classification
Item type English Books
Classification part 006.7
Call number suffix HOL
Holdings
Withdrawn status Lost status Source of classification or shelving scheme Damaged status Not for loan Collection code Home library Current library Date acquired Source of acquisition Cost, normal purchase price Total Checkouts Full call number Barcode Date last seen Copy number Cost, replacement price Koha item type
    Dewey Decimal Classification   Not For Loan Non-fiction D.B.Act.Division D.B.Act.Division 27/12/2010 DBAD/PUB 595.00   006.7 HOL EN-85410 27/12/2010 1 595.00 English Books

© Delhi Public Library
Hit Counter
free hit counter